年間の出生数が200人以上の町村(2023年) - Statistics

General Stats
  • This quiz has been taken 36 times
  • The average score is 29 of 47
Answer Stats
都道府県 出生数(人) Answer % Correct
広島県 442 府中町
91%
広島県 318 海田町
81%
熊本県 394 菊陽町
75%
茨城県 345 阿見町
75%
熊本県 273 益城町
75%
愛知県 264 東浦町
75%
福岡県 503 粕屋町
72%
沖縄県 467 南風原町
72%
静岡県 352 長泉町
72%
福岡県 336 志免町
72%
石川県 262 津幡町
72%
兵庫県 244 播磨町
72%
沖縄県 235 北谷町
72%
静岡県 210 清水町
72%
神奈川県 293 寒川町
69%
徳島県 279 藍住町
69%
長崎県 254 長与町
69%
奈良県 212 斑鳩町
69%
岐阜県 257 岐南町
66%
愛知県 217 扶桑町
66%
愛知県 258 東郷町
63%
福岡県 232 篠栗町
63%
長崎県 221 時津町
63%
北海道 220 音更町
63%
宮城県 218 利府町
63%
兵庫県 207 太子町
63%
愛知県 299 幸田町
59%
愛知県 281 武豊町
59%
愛知県 251 大治町
59%
大阪府 202 島本町
59%
熊本県 305 大津町
56%
福岡県 238 新宮町
56%
福岡県 236 宇美町
56%
三重県 227 菰野町
56%
大分県 213 日出町
56%
沖縄県 310 八重瀬町
53%
福岡県 295 苅田町
53%
熊本県 263 西原町
50%
埼玉県 243 伊奈町
50%
奈良県 227 田原本町
50%
福岡県 221 須恵町
50%
大阪府 240 熊取町
47%
沖縄県 226 与那原町
47%
愛知県 262 蟹江町
44%
奈良県 203 広陵町
38%
福岡県 214 筑前町
34%
福岡県 212 水巻町
34%
No matching quizzes found
Score Distribution
Percent of People with Each Score
Percentile by Number Answered
Your Score History
You have not taken this quiz